Iles - Mort subite - Statistiques

Statistiques générales
  • Ce quiz a été pris 155 fois
  • Le résultat moyen est 5 sur 12
Answers on the Grid
Answers color-coded by a green-red scale on the quiz's grid according to % correct below.
Falkland
Cook
Gibraltar
Seeland
Koweït
Curaçao
Aruba
Jutland
Tansim
Montréal
Singapour
Bahreïn
Furbose
Sandwich du Sud
Andaman
Voltaire
Birman
Baffin
Taky
Victoria
 
Statistiques - réponses
Réponse % Correct
Cook
82%
Curaçao
60%
Falkland
60%
Sandwich du Sud
50%
Aruba
48%
Singapour
48%
Bahreïn
42%
Victoria
33%
Andaman
27%
Baffin
27%
Seeland
25%
Montréal
20%
Aucun quiz correspondant
Distribution des résultats
% des personnes avec chaque résultat
Percentile par nombre de réponses
Votre historique - résultats
Vous n’avez pas pris ce quiz